| 000 | 00798nam a22002177a 4500 | ||
|---|---|---|---|
| 003 | OSt | ||
| 005 | 20250710071748.0 | ||
| 008 | 250710b |||||||| |||| 00| 0 eng d | ||
| 020 | _a978-1-138-05293-2 | ||
| 040 |
_aDWC-Main Lib _cOC |
||
| 082 | _aCirc. 158.7 L255r 2024 | ||
| 100 | _aLanders, Richard N. | ||
| 245 |
_aResearch methods for industrial and organizational psychology: _bscience and practice/ _cRichard N. Landers & Tara S. Behrend |
||
| 260 |
_aNew York: _bRoutledge, _cc2024. |
||
| 300 |
_a464 pages: _billustrations; _c25cm. |
||
| 504 | _aIncludes bibliographical references and index. | ||
| 650 | _a1. Psychology, Industrial-Research-Methodology | ||
| 650 | _a2. Organizational behavior-Research-Methodology | ||
| 700 | _aBehrend, Tara S. | ||
| 942 |
_2ddc _cBK-CIRC _kCirc. _n0 |
||
| 999 |
_c3583 _d3583 |
||